Introduction to international relations : (Record no. 16353)

000 -LEADER
fixed length control field 01515cam a2200373 a 4500
001 - CONTROL NUMBER
control field 14452482
005 - DATE AND TIME OF LATEST TRANSACTION
control field 20170105102938.0
008 - FIXED-LENGTH DATA ELEMENTS--GENERAL INFORMATION
fixed length control field 060714s2007 enk b 001 0 eng
010 ## - LIBRARY OF CONGRESS CONTROL NUMBER
LC control number 2006023286
015 ## - NATIONAL BIBLIOGRAPHY NUMBER
National bibliography number GBA671695
Source bnb
016 7# - NATIONAL BIBLIOGRAPHIC AGENCY CONTROL NUMBER
Record control number 013536602
Source Uk
020 ## - INTERNATIONAL STANDARD BOOK NUMBER
International Standard Book Number 0199285438
020 ## - INTERNATIONAL STANDARD BOOK NUMBER
International Standard Book Number 9780199285433
035 ## - SYSTEM CONTROL NUMBER
System control number (OCoLC)ocm70483507
035 ## - SYSTEM CONTROL NUMBER
System control number (OCoLC)70483507
040 ## - CATALOGING SOURCE
Original cataloging agency DLC
Transcribing agency DLC
Modifying agency YDXCP
-- BAKER
-- BWKUK
-- UKM
-- YDX
-- BTCTA
-- DLC
050 00 - LIBRARY OF CONGRESS CALL NUMBER
Classification number JZ1242
Item number .J33 2007
082 00 - DEWEY DECIMAL CLASSIFICATION NUMBER
Classification number 327.1
Edition number 22
Author Mark JAC 2007
100 1# - MAIN ENTRY--PERSONAL NAME
Personal name Jackson, Robert H.
245 10 - TITLE STATEMENT
Title Introduction to international relations :
Remainder of title theories and approaches /
Statement of responsibility, etc. Robert Jackson, Georg Sørensen.
250 ## - EDITION STATEMENT
Edition statement 3rd ed.
260 ## - PUBLICATION, DISTRIBUTION, ETC.
Place of publication, distribution, etc. Oxford ;
-- New York :
Name of publisher, distributor, etc. Oxford University Press,
Date of publication, distribution, etc. 2007.
300 ## - PHYSICAL DESCRIPTION
Extent xxvi, 342 p. ;
Dimensions 25 cm.
504 ## - BIBLIOGRAPHY, ETC. NOTE
Bibliography, etc. note Includes bibliographical references (p. [315]-330) and index.
650 #0 - SUBJECT ADDED ENTRY--TOPICAL TERM
Topical term or geographic name entry element International relations.
650 #0 - SUBJECT ADDED ENTRY--TOPICAL TERM
Topical term or geographic name entry element International relations
General subdivision Philosophy.
700 1# - ADDED ENTRY--PERSONAL NAME
Personal name Sørensen, Georg,
Dates associated with a name 1948-
856 41 - ELECTRONIC LOCATION AND ACCESS
Materials specified Table of contents only
Uniform Resource Identifier <a href="http://www.loc.gov/catdir/toc/ecip0617/2006023286.html">http://www.loc.gov/catdir/toc/ecip0617/2006023286.html</a>
856 42 - ELECTRONIC LOCATION AND ACCESS
Materials specified Contributor biographical information
Uniform Resource Identifier <a href="http://www.loc.gov/catdir/enhancements/fy0723/2006023286-b.html">http://www.loc.gov/catdir/enhancements/fy0723/2006023286-b.html</a>
856 42 - ELECTRONIC LOCATION AND ACCESS
Materials specified Publisher description
Uniform Resource Identifier <a href="http://www.loc.gov/catdir/enhancements/fy0907/2006023286-d.html">http://www.loc.gov/catdir/enhancements/fy0907/2006023286-d.html</a>
906 ## - LOCAL DATA ELEMENT F, LDF (RLIN)
a 7
b cbc
c orignew
d 1
e ecip
f 20
g y-gencatlg
942 ## - ADDED ENTRY ELEMENTS (KOHA)
Source of classification or shelving scheme
Koha item type Book
Holdings
Withdrawn status Lost status Damaged status Not for loan Collection code Permanent Location Current Location Shelving location Date acquired Total Checkouts Full call number Barcode Date last seen Date last checked out Price effective from Koha item type
          Centre for International Peace & Stability (CIPS) Centre for International Peace & Stability (CIPS) General Stacks 03/30/2016 1 327.1 JAC 2007 CIPS0002746 11/06/2025 09/24/2025 03/30/2016 Book
© 2023 Central Library, National University of Sciences and Technology. All Rights Reserved.